000 00324nam a2200133Ia 4500
008 190216s9999||||xx |||||||||||||| ||und||
100 _aKakar And Vaswani
245 0 _aFundamental Of Computer Science
250 _a2nd Ed.
260 _bHimalaya Publishing House
_c1992
300 _a301
650 _aComputer
942 _cBK
999 _c8578
_d8578